Misionera / [por] Centro de Estudios y Planificación Misionera (CESPLAM)

Збережено в:
Бібліографічні деталі
Співавтор: Centro de Estudios y Planificación Misionera
Формат: Книга
Серія:Evangelización ; 39
Предмети:
Теги: Додати тег
Немає тегів, Будьте першим, хто поставить тег для цього запису!

MARC

LEADER 00000nam^a2200000^u^4500
001 000536936
005 20250521000000.0
008 060220s1000^^^^^^^^^^^^r^^^^^000^0^spa^d
009 20260310131049.587
035 |a FMI 000002956 
037 |a Acervo Xavier Clavigero 
096 |a 4.2/43/C 
110 |a Centro de Estudios y Planificación Misionera 
245 1 0 |a Misionera / [por] Centro de Estudios y Planificación Misionera (CESPLAM) 
264 |a Madrid : P-S, 1976 
300 |a 110 p. 
336 |a texto  |b txt  |2 rdacontenido 
337 |a sin mediación  |b n  |2 rdamedio 
338 |a volumen  |b nc  |2 rdasoporte 
440 0 |a Evangelización ; 39 
649 |a XX 
650 |a ESPIRITUALIDAD MODERNA 
910 |a Fondo Francisco Migoya Covarrubias S.J. 
920 |a Impresos - Libros 
930 |a Fondos Especiales 
905 |a 134 
901 |a SBC05549  |b IT2  |c ESP  |u 20250521 
902 |a https://opac.biblio.iteso.mx/vufind/Record/000536936